| 000 | 00687nam a22001817a 4500 | ||
|---|---|---|---|
| 003 | IT-RoPau | ||
| 005 | 20220918181105.0 | ||
| 008 | 130510b xxu||||| |||| 00| 0 eng d | ||
| 040 | _cIT-RoPau | ||
| 100 |
_aArchivio Storico Paolino _9529 |
||
| 245 |
_aDocumentazione integrale paolina _bAriccia 27 - 29 Dicembre 1969 (Appunti) |
||
| 250 | _a1° ed | ||
| 260 |
_aRoma _bSSP _c1969 |
||
| 300 |
_a64 pp. _c23 cm |
||
| 490 |
_aDocumentazione paolina _v1 - Formazione integrale |
||
| 520 | _aSommario Presentazione Perché questo convegno Presentazione del Documento Capitolare Gruppi di studio Presentazione dei temi Conclusioni generali Risposte all' inchiesta lampo | ||
| 942 |
_2ddc _cBK |
||
| 999 |
_c98508 _d98508 |
||